The Worlds Best/Worst 15 Tax Havens - Statistics

General Stats
  • This quiz has been taken 88 times
  • The average score is 9 of 15
Answer Stats
Rank Region Answer % Correct
5 Asia Singapore
84%
7 Europe Luxembourg
81%
2 North America Cayman Islands
79%
6 Europe Ireland
77%
11 North America Bahamas
75%
1 North America Bermuda
72%
4 Europe Switzerland
72%
9 Asia Hong Kong
60%
10 Asia Cyprus
55%
14 Africa Mauritius
52%
3 Europe Netherlands
49%
13 North America Barbados
47%
15 North America British Virgin Islands
47%
12 Europe Jersey
41%
8 North America Curacao
20%
No matching quizzes found
Score Distribution
Percent of People with Each Score
Percentile by Number Answered
Your Score History
You have not taken this quiz